000 00845nam a22002297a 4500
003 OSt
005 20251127152852.0
008 251127b |||||||| |||| 00| 0 eng d
020 _a978-007-126598-0.
040 _aDWCL-Main lib
_cOC
082 _22nd ed.
_aCirc. 621.395 B879f 2008
100 _aBrown, Stephen
245 _aFundamentals of digital logic with verilog design 2nd ed.
_cBrown, Stephen
260 _aSingapore :
_bMcGraw-Hill Asia,
_cc2008.
300 _axix, 935 pages :
_billustration ;
_c23 cm. + 1 CD-ROM.
504 _aIncludes bibliographical references and index.
650 _21. Computer aided design.
650 _22. Logic circuits-Design and construction-Data processing.
650 _23. Verilog (Computer hardware description language).
700 _aVranesic, Zvonko
942 _2ddc
_cBK-CIRC
_e2nd ed.
_kCirc.
_n0
999 _c6500
_d6500